Integrated Business Technology Stage II. (Record no. 1838)

MARC details
005 - DATE AND TIME OF LATEST TRANSACTION
control field 20250430133338.0
020 ## - INTERNATIONAL STANDARD BOOK NUMBER
International Standard Book Number 0 435 45194 4
082 ## - DEWEY DECIMAL CLASSIFICATION NUMBER
Classification number 658.018 RSA
100 ## - MAIN ENTRY--PERSONAL NAME
Author name RSA EXAMINATIONS BOARD.
245 ## - TITLE STATEMENT
Title Integrated Business Technology Stage II.
260 ## - PUBLICATION, DISTRIBUTION, ETC.
Place of publication, distribution, etc. Halley Court,
Name of publisher, distributor, etc. Heinemann,
Date of publication, distribution, etc. 1996.
300 ## - PHYSICAL DESCRIPTION
Extent 96p.: ill.; picture
Dimensions 29cm.
942 ## - ADDED ENTRY ELEMENTS (KOHA)
Source of classification or shelving scheme Dewey Decimal Classification
Koha item type Books
Holdings
Date last seen Total checkouts Full call number Barcode Cost, replacement price Price effective from Koha item type Lost status Source of classification or shelving scheme Damaged status Not for loan Withdrawn status Home library Current library Shelving location Date acquired Cost, normal purchase price
04/30/2025   658.018 RSA 0000007178 30000.00 04/30/2025 Books   Dewey Decimal Classification       College of Business Education Main Library College of Business Education Main Library General Collection 08/18/2000 10000.00